Trade impacts of South Asian free trade agreements in Sri Lanka (Record no. 510117)
[ view plain ]
| 000 -LEADER | |
|---|---|
| fixed length control field | 02294nam a22002057a 4500 |
| 008 - FIXED-LENGTH DATA ELEMENTS--GENERAL INFORMATION | |
| fixed length control field | 190724b ||||| |||| 00| 0 eng d |
| 100 ## - MAIN ENTRY--PERSONAL NAME | |
| Personal name | Taguchi, Hiroyuki |
| 245 ## - TITLE STATEMENT | |
| Title | Trade impacts of South Asian free trade agreements in Sri Lanka |
| 260 ## - PUBLICATION, DISTRIBUTION, ETC. (IMPRINT) | |
| Date of publication, distribution, etc | 2019 |
| 300 ## - PHYSICAL DESCRIPTION | |
| Extent | p.1-18. |
| 520 ## - SUMMARY, ETC. | |
| Summary, etc | This article aims to examine the trade effects of the South Asian Free Trade Agreement (SAFTA) with a focus on Sri Lanka, by applying a gravity trade model. The study targets the following three FTAs: the SAFTA, the India–Sri Lanka Free Trade Agreement (ISFTA), and the Pakistan–Sri Lanka Free Trade Agreement (PSFTA). The outcomes of the gravity trade model estimation suggested that the trade creation effects were identified in the ISFTA, while those were not verified in the SAFTA and that the PSFTA had the trade creation effects only on the Sri Lankan imports. Those results seem to reflect the differentials in the preferential tariff rates. In particular, ISFTA could have the predominant positive effects on Sri Lankan trade flows due to its lowest preferential tariff rates, and thus the SAFTA effect might be crowded out at the current stage of Sri Lankan trade. model. The study targets the following three FTAs: the SAFTA, the India–Sri Lanka Free Trade Agreement (ISFTA), and the Pakistan–Sri Lanka Free Trade Agreement (PSFTA). The outcomes of the gravity trade model estimation suggested that the trade creation effects were identified in the ISFTA, while those were not verified in the SAFTA and that the PSFTA had the trade creation effects only on the Sri Lankan imports. Those results seem to reflect the differentials in the preferential tariff rates. In particular, ISFTA could have the predominant positive effects on Sri Lankan trade flows due to its lowest preferential tariff rates, and thus the SAFTA effect might be crowded out at the current stage of Sri Lankan trade. Reproduced. |
| 650 ## - SUBJECT ADDED ENTRY--TOPICAL TERM | |
| Topical term or geographic name as entry element | International trade |
| 9 (RLIN) | 7377 |
| 650 ## - SUBJECT ADDED ENTRY--TOPICAL TERM | |
| Topical term or geographic name as entry element | South Asian Free Trade Agreement |
| 9 (RLIN) | 7378 |
| 650 ## - SUBJECT ADDED ENTRY--TOPICAL TERM | |
| Topical term or geographic name as entry element | India SriLanka Free Trade Agreement |
| 9 (RLIN) | 7379 |
| 650 ## - SUBJECT ADDED ENTRY--TOPICAL TERM | |
| Topical term or geographic name as entry element | South Asian Association for Regional Cooperation |
| 9 (RLIN) | 7380 |
| 700 ## - ADDED ENTRY--PERSONAL NAME | |
| Personal name | Rubasinghe, Don Chalani Imasha |
| 9 (RLIN) | 7381 |
| 773 ## - HOST ITEM ENTRY | |
| Main entry heading | South Asia Economic Journal |
| 906 ## - LOCAL DATA ELEMENT F, LDF (RLIN) | |
| Subject DIP | Free trade - Sri Lanka |
| 942 ## - ADDED ENTRY ELEMENTS (KOHA) | |
| Item type | Articles |
| Withdrawn status | Lost status | Source of classification or shelving scheme | Damaged status | Not for loan | Permanent location | Current location | Date acquired | Serial Enumeration / chronology | Barcode | Date last seen | Koha item type |
|---|---|---|---|---|---|---|---|---|---|---|---|
| Indian Institute of Public Administration | Indian Institute of Public Administration | 2019-07-24 | 20(1), Mar, 2019: p.1-18. | AR120105 | 2019-07-24 | Articles |
